000 00724nam a2200193Ia 4500
003 GCL
008 140319s9999 xx 000 0 ara d
040 _aGCL /
_cGCL
082 0 4 _a813.01
_bع ص
100 1 _aعائشة عبدالرحمن
245 1 0 _aصور من حياتهن فى جيل الطليعة من الحريم الى الجامعة /
_cعائشة عبدالرحمن
260 _aالقاهرة :
_bالهيئة المصرية العامة للكتاب ،
_c1991
300 _a281 ص ؛
_c24 سم
490 _aالاعمال الكاملة لبنت الشاطئ
_v0
650 0 4 _aالادب العربى
650 0 4 _aالقصص العربية
650 0 4 _aالقصة العربية
942 _2ddc
_cBK
999 _c30120
_d30120